Statistics for Commonwealth countries on a world map

Click here to take the quiz!

General Stats

  • This quiz has been taken 422 times
  • The average score is 44 of 54

Answers on the Map

Answers color-coded by a green-red scale on the quiz's map according to % correct below.
 

Answer Stats

Country% Correct
Australia
96%
Canada
95%
New Zealand
95%
United Kingdom
95%
India
93%
South Africa
91%
Pakistan
88%
Bahamas
87%
Jamaica
87%
Kenya
85%
Nigeria
85%
Fiji
84%
Bangladesh
83%
Sri Lanka
83%
Tanzania
83%
Barbados
82%
Botswana
82%
Kiribati
82%
Malta
82%
Namibia
82%
Papua New Guinea
82%
Saint Lucia
82%
Saint Vincent and the
Grenadines
82%
Zambia
82%
Ghana
81%
Lesotho
81%
Samoa
81%
Antigua and Barbuda
80%
Dominica
80%
Eswatini
80%
Malaysia
80%
Nauru
80%
Saint Kitts and Nevis
80%
Tonga
80%
Trinidad and Tobago
80%
Belize
79%
Guyana
79%
Singapore
78%
Solomon Islands
78%
Tuvalu
78%
Vanuatu
78%
Seychelles
77%
Uganda
77%
Malawi
76%
Mauritius
76%
Rwanda
76%
Gambia
75%
Cyprus
74%
Grenada
74%
Maldives
74%
Cameroon
72%
Mozambique
72%
Brunei
69%
Sierra Leone
69%

Score Distribution

Percentile by Number Answered

Percent of People with Each Score

Your Score History

You have not taken this quiz